[Event "HUN-chT2 Szechenyi 0809"]
[Site "Hungary"]
[Date "2009.01.11"]
[Round "5.12"]
[White "Lippert, Ferenc"]
[Black "Nagy, David"]
[Result "1/2-1/2"]
[WhiteElo "1769"]
[BlackElo "1799"]
[PlyCount "44"]
[EventDate "2008.10.26"]
[EventType "team-tourn"]
[EventRounds "11"]
[EventCountry "HUN"]
[SourceTitle "EXT 2010"]
[Source "ChessBase"]
[SourceDate "2010.11.25"]
[SourceVersion "1"]
[SourceVersionDate "2010.11.25"]
[SourceQuality "1"]
[WhiteTeam "Flesch"]
[BlackTeam "Keszthely"]
[WhiteTeamCountry "HUN"]
[BlackTeamCountry "HUN"]

1. e4 c5 2. Nf3 d6 3. d4 cxd4 4. Qxd4 Nc6 5. Bb5 Qc7 6. Nc3 Nf6 7. 0-0 Bd7 8. Bxc6 Bxc6 9. Be3 g6 10. e5 dxe5 11. Qxe5 Qxe5 12. Nxe5 Nd5 13. Nxd5 Bxd5 14. c4 Bg7 15. Bd4 Bxc4 16. Rfc1 Bd5 17. Nf3 Bxd4 18. Nxd4 Rd8 19. Nb5 0-0 20. Nxa7 Ra8 21. Nb5 Ra5 22. Nc3 Rc8 1/2-1/2

[Event "HUN-chT2 Szechenyi 0809"]
[Site "Hungary"]
[Date "2008.11.02"]
[Round "2.11"]
[White "Haasz, Gyula"]
[Black "Lippert, Ferenc"]
[Result "1-0"]
[WhiteElo "1892"]
[BlackElo "1769"]
[PlyCount "73"]
[EventDate "2008.10.26"]
[EventType "team-tourn"]
[EventRounds "11"]
[EventCountry "HUN"]
[SourceTitle "EXT 2010"]
[Source "ChessBase"]
[SourceDate "2010.11.25"]
[SourceVersion "1"]
[SourceVersionDate "2010.11.25"]
[SourceQuality "1"]
[WhiteTeam "Baki Agrocentrum"]
[BlackTeam "Flesch"]
[WhiteTeamCountry "HUN"]
[BlackTeamCountry "HUN"]

1. Nf3 Nf6 2. c4 d5 3. cxd5 Nxd5 4. Nc3 c5 5. Qb3 e6 6. e4 Nxc3 7. dxc3 Be7 8. Be3 Nc6 9. Rd1 Qc7 10. Bb5 a6 11. Qa4 0-0 12. Bxc6 bxc6 13. e5 f5 14. exf6 Rxf6 15. Qe4 Rf5 16. h4 h6 17. g4 Rd5 18. Qg6 Rxd1+ 19. Kxd1 Qd6+ 20. Kc2 e5 21. Qxd6 Bxd6 22. Rd1 Bxg4 23. Rxd6 Bxf3 24. Bxc5 Re8 25. Kd3 Kf7 26. Ke3 Bd5 27. b3 Re6 28. Rd7+ Kf6 29. f3 Re8 30. Ra7 g5 31. hxg5+ Kxg5 32. c4 Bg8 33. Rxa6 Re6 34. Kf2 h5 35. Ra7 Kf5 36. Rg7 Re8 37. Be3 1-0